Kumpulan puisi : Orang tuhan sayang

Bibliographic Details
Main Author: Mazli Husma
Format: Book
Published: KL : Institut Terjemahan & Buku Malaysia Berhad , 2016
Subjects:

MARC

LEADER 00000cam a2200000 7i4500
001 0000070825
005 20170829.0
008 170226
020 |a 9789674602543 
090 0 0 |a 899.231   |b MAZ 
100 0 |a Mazli Husma 
245 1 0 |a Kumpulan puisi :   |b Orang tuhan sayang   |c Mazli Husma 
260 |a KL :   |b Institut Terjemahan & Buku Malaysia Berhad ,   |c 2016 
300 |a 169 p :   |b 18.5cm 
650 0 |a Malay poetry 
999 |a 0001444010   |b Book   |c Adult Collection   |e Cawangan Mersing 
999 |a 0001444011   |b Book   |c Adult Collection   |e Cawangan Bukit Gambir 
999 |a 0001444012   |b Book   |c Adult Collection   |e Cawangan Sri Merlong 
999 |a 0001444013   |b Book   |c Adult Collection   |e Cawangan Bandar Tenggara 
999 |a 0001444014   |b Book   |c Adult Collection   |e Cawangan Batu Pahat 
999 |a 0001444015   |b Book   |c Adult Collection   |e Cawangan Kota Tinggi 
999 |a 0001444016   |b Book   |c Adult Collection   |e Cawangan Pontian 
999 |a 0001444017   |b Book   |c Adult Collection   |e Cawangan Bandar Penawar 
999 |a 0001444018   |b Book   |c Adult Collection   |e Cawangan Tangkak 
999 |a 0001444019   |b Book   |c Adult Collection   |e Cawangan Tmn. Ungku Tun Aminah 
999 |a 0001444020   |b Book   |c Adult Collection   |e Cawangan Muar 
999 |a 0001444021   |b Book   |c Adult Collection   |e Cawangan Taman Sri Lambak 
999 |a 0001444022   |b Book   |c Adult Collection   |e Cawangan Segamat 
999 |a 0001444217   |b Book   |c Adult Collection   |e Perbadanan Perpustakaan Awam Johor 
999 |a 0001444218   |b Book   |c Adult Collection   |e Perbadanan Perpustakaan Awam Johor 
999 |a 0001444219   |b Book   |c Adult Collection   |e Cawangan Urban Transformation Centre 
999 |a 0001444220   |b Book   |c Adult Collection   |e Cawangan Urban Transformation Centre 
999 |a 0001444221   |b Book   |c Adult Collection   |e Cawangan AEON Kulaijaya